Automobil v podnikaní v roku 2016
Spôsob, akým sa automobil používa v podnikaní, vplýva na výšku daňových výdavkov. Ak podnikateľ potrebuje na podnikanie automobil, má niekoľko spôsobov, ako používať automobil na svoje podnikanie.
Na minha lista:
| Autor principal: | |
|---|---|
| Formato: | Capítulo de Livro |
| Idioma: | eslovaco |
| Assuntos: | |
| Tags: |
Sem tags, seja o primeiro a adicionar uma tag!
|
MARC
| LEADER | 00000nla a2200000 4500 | ||
|---|---|---|---|
| 001 | 0220737 | ||
| 005 | 20240502073626.5 | ||
| 041 | 0 | |a slo | |
| 044 | |a SK | ||
| 245 | 1 | 0 | |a Automobil v podnikaní v roku 2016 |c Ján Benko |
| 520 | |a Spôsob, akým sa automobil používa v podnikaní, vplýva na výšku daňových výdavkov. Ak podnikateľ potrebuje na podnikanie automobil, má niekoľko spôsobov, ako používať automobil na svoje podnikanie. | ||
| 610 | 2 | 0 | |a metódy účtovné |
| 610 | 2 | 0 | |a podnikatelia |
| 610 | 2 | 0 | |a automobily |
| 610 | 2 | 0 | |a lízing |
| 610 | 2 | 0 | |a výdavky daňové |
| 610 | 2 | 0 | |a účtovníctvo daňové |
| 610 | 2 | 0 | |a odpisy |
| 100 | 1 | |a Benko, Ján | |